Estatísticas para Cultura Geral

Clique aqui para jogar o quiz

Estatísticas Gerais

  • Esse quiz foi jogado 21 vezes
  • A pontuação média é 6 de 15

Estatísticas das Respostas

HintResposta% Correto
Que luva de que cantor foi a mais cara já vendida em leilão?Michael Jackson
84%
Que deserto cobre o Chade?Saara
79%
Que país tem Dakar como capital?Senegal
74%
Em que cidade Sherlock Holmes mora?Londres
63%
Em que cidade europeia se esconderam Anne Frank e a sua família?Amesterdão
58%
Que personalidade famosa tem mais seguidores no Twitter?Cristiano Ronaldo
53%
Quem é o fiel companheiro de Sherlock Holmes?Dr. John Watson
42%
Que irmãos inventaram o cinema?Lumière
37%
Em que rua dessa cidade mora Sherlock Holmes?Baker
32%
Que empresa pode ser considerada a versão chinesa da Amazon.com?Ali Baba
26%
Quem lidera a China desde 2012?Xi Jinping
26%
Que cidade chinesa era anteriormente conhecida como Cantão?Guangzhou
16%
Qual é a capital do Camboja?Phnom Penh
16%
Que planta tem o crescimento vertical mais rápido, até 91cm por dia?Bambu
11%
Qual é a cachoeira mais alta do mundo?Angel Falls
0%

Distribuição das Pontuações

Percentil de Números Respondidos

Porcentagem de Pessoas com Cada Pontuação

Sua Pontuação Histórica

Você não jogou esse quiz